| 000 | 00958nam0a22002771 4500 | ||
|---|---|---|---|
| 001 | rc\3011421 | ||
| 005 | 20250806201033.0 | ||
| 035 | _a(NLR Aleph) 007153935 | ||
| 090 |
_a4982 _c4982 |
||
| 100 | _a20041018d1941 u y0rusy50 ca | ||
| 101 | 0 | _arus | |
| 102 | _aRU | ||
| 105 | _aa z ||||y | ||
| 200 | 1 | _aБорьба церковников Исаакиевского собора против народа | |
| 210 |
_aЛенинград _cГос. антирелигиоз. музей - бывший Исаакиевский собор _d1941 |
||
| 215 |
_a12 с. _cил. _d14 см |
||
| 300 | _aВ вып. дан. указан автор: Б.Л. Калинин | ||
| 300 | _aБез тит. л. | ||
| 701 | 1 |
_aКалинин _bБ.Л. |
|
| 801 | 0 |
_aRU _bNLR _gpsbo |
|
| 801 | 1 |
_aRU _bELAR _2rusmarc |
|
| 852 |
_aNLR _jР80 Г-2/5 |
||
| 942 | _cBOOK | ||
| 945 | _aРоссийская национальная библиотека | ||
| 980 | _aNB | ||
| 980 | _aBV | ||